000 00772nam a22002417a 4500
001 107080
003 UA-OsUOA
005 20211005225502.0
007 ta
008 20140703b un ||||| |||| 00| 0 ukr d
040 _aUA-OsUOA
_bukr
_cUA-OsUOA
_dUA-OsUOA
041 _aukr
080 _a821.161.2
090 _a821.161.2
_bЗ-14
100 _aЗагребельний П.
245 _aНеложними устами
_bстатті, есе, портрети
_cПавло Загребельний
260 _aК.
_bРад. письменник
_c1981
300 _a479 с.
650 7 _a82 Література. Літературознавство
_2UDC
942 _cBK
_2udc
955 _a3
999 _c393468
_d393468